00682 a2200193 450000500170000001000130001702000260003003500130005603700090006908200060007810000280008424500590011226000410017127000620021230000220027494200250029699900190032195201480034020240530162625.0 aB-759285 a9788193833124c249.00 aB-759285 bGift aN aNischal Samrat C967169 aAlfred Stone & The Forbidden Island/cNischal Samrat C aBanglorbDawn Rose Publicationc2020 aNo. 604, Bldg- 12, Shantipark ApartmentbBanglore560069 a137 p.c21 cm(Pb) adplcCH2ddchNmNIS c203431d203431 001040708FICaAVbAVd2024-05-30eGift/28.5.24g249.00l1oN NISpB-759285r2025-03-15 00:00:00s2025-03-08t1v249.00w2024-05-30yCHzGift